000 00951cab a2200241 4500
001 WB3219-15
008 090401t1996 xxu||||| |||| 00| 0 eng d
035 _a(Sirsi) u1599
041 _aeng
245 _aCommercial property optimism
260 _c1996
350 _a0
490 _aRICS Press Release
_vPR56.comm 10 May 1996, (3)
520 _aThere is growing confidence among chartered surveyors in the office, retail and industrial property sectors, according to the latest RICS Commercial Property Survey. Complete survey available, price £30.
650 _aABOUT RICS-RICS MEMBERS
650 _aINDUSTRIAL MARKET
650 _aPROPERTY-COMMERCIAL PROPERTY-OFFICE PROPERTY-OFFICE PROPERTY MARKET
650 _aPROPERTY-COMMERCIAL PROPERTY-RETAIL PROPERTY-RETAIL PROPERTY MARKET
650 _aRICS COMMERCIAL PROPERTY SURVEY
690 _aPROPERTY-COMMERCIAL PROPERTY-COMMERCIAL PROPERTY MARKET
942 _n0
948 _c04/03/1997
999 _c906
_d906